[Event "VIE-ch"]
[Site "Ha Tien"]
[Date "2023.09.14"]
[Round "4"]
[White "Nguyen, Duc Hoa"]
[Black "Huynh, Le Minh Hoang"]
[Result "1-0"]
[WhiteElo "2354"]
[BlackElo "1584"]
[PlyCount "113"]
[EventDate "2023.09.13"]
[EventType "swiss"]
[EventRounds "9"]
[EventCountry "VIE"]
[SourceTitle "EXT 2024"]
[Source "ChessBase"]
[SourceDate "2023.10.10"]
[SourceVersion "1"]
[SourceVersionDate "2023.10.10"]
[SourceQuality "1"]

1. e4 e5 2. Nf3 Nc6 3. g3 Nf6 4. Nc3 d5 5. exd5 Nxd5 6. Bg2 Nxc3 7. bxc3 Bc5 8. 0-0 0-0 9. Re1 Bb6 10. Nxe5 Nxe5 11. Rxe5 Bxf2+ 12. Kh1 Re8 13. Qe2 Rxe5 14. Qxe5 Bb6 15. Bb2 c6 16. c4 f6 17. Qe4 Bd7 18. c5 Ba5 19. Qc4+ Kh8 20. d3 Qe7 21. Rf1 Re8 22. Qh4 Bd8 23. Be4 f5 24. Qh5 fxe4 25. Rf7 Bg4 26. Rxe7 Bxh5 27. Rxg7 h6 28. g4 Rf8 29. Rg6+ Kh7 30. Rg7+ Kh8 31. Rg6+ Kh7 32. gxh5 exd3 33. cxd3 Rf7 34. Be5 Bc7 35. Bf6 Bf4 36. Kg2 Bg5 37. Bd4 Bd2 38. h4 Be1 39. Bf6 Bb4 40. d4 Ba5 41. Kh3 Rd7 42. Be5 Bc7 43. Kg4 Bxe5 44. dxe5 Rd4+ 45. Kf5 Rxh4 46. e6 Rxh5+ 47. Kf6 Rh2 48. Kf7 Rxa2 49. e7 Re2 50. Rg7+ Kh8 51. Rg8+ Kh7 52. e8Q Rxe8 53. Rxe8 h5 54. Kf6 b6 55. Re7+ Kh6 56. Rxa7 bxc5 57. Ra8 1-0

[Event "VIE-ch"]
[Site "Vung Tau"]
[Date "2023.03.05"]
[Round "4"]
[White "Huynh, Quoc An"]
[Black "Huynh, Le Minh Hoang"]
[Result "1/2-1/2"]
[WhiteElo "2001"]
[BlackElo "1469"]
[PlyCount "101"]
[EventDate "2023.03.03"]
[EventType "swiss"]
[EventRounds "9"]
[EventCountry "VIE"]
[SourceTitle "EXT 2024"]
[Source "ChessBase"]
[SourceDate "2023.10.10"]
[SourceVersion "1"]
[SourceVersionDate "2023.10.10"]
[SourceQuality "1"]

1. e4 e5 2. Nf3 Nc6 3. Bb5 a6 4. Ba4 Nf6 5. 0-0 Be7 6. Re1 b5 7. Bb3 d6 8. h3 Na5 9. c3 Nxb3 10. Qxb3 Be6 11. Qd1 c5 12. d4 Qc7 13. Bg5 Rd8 14. a4 h6 15. Bh4 g5 16. Bg3 Nh5 17. axb5 Nxg3 18. fxg3 axb5 19. g4 0-0 20. d5 Bd7 21. Nbd2 Ra8 22. Qe2 Ra7 23. Nf1 Rfa8 24. Rab1 c4 25. Ng3 b4 26. Nf5 Bf8 27. h4 f6 28. Kh2 bxc3 29. bxc3 Ra2 30. Qe3 Rc2 31. Re2 Rxe2 32. Qxe2 Ra3 33. hxg5 hxg5 34. Rc1 Bb5 35. Kg3 Qa5 36. Qe3 Qc7 37. Qd2 Bd7 38. Qb2 Qa7 39. Qe2 Qc7 40. Nd2 Bb5 41. Nb1 Rb3 42. Rh1 Bd7 43. Ne3 Qb6 44. Nxc4 Qa6 45. Qf1 Rxb1 46. Qxb1 Qxc4 47. Rf1 Bg7 48. Qb8+ Kf7 49. Qxd6 Qxf1 50. Qxd7+ Kg6 51. Qe8+ 1/2-1/2

[Event "Johor op-A 7th"]
[Site "Johor"]
[Date "2022.12.28"]
[Round "5"]
[White "Nguyen, Thanh Thuy Tien"]
[Black "Huynh, Le Minh Hoang"]
[Result "0-1"]
[WhiteElo "1939"]
[BlackElo "1326"]
[PlyCount "90"]
[EventDate "2022.12.26"]
[EventType "swiss"]
[EventRounds "9"]
[EventCountry "MAS"]
[SourceTitle "CBM 212 Extra"]
[Source "ChessBase"]
[SourceDate "2023.03.31"]
[SourceVersion "1"]
[SourceVersionDate "2023.03.31"]
[SourceQuality "1"]

1. d4 d5 2. Nf3 Nf6 3. g3 g6 4. Bg2 Bg7 5. 0-0 0-0 6. c4 dxc4 7. Nbd2 Nc6 8. Nxc4 Be6 9. b3 Bd5 10. Bb2 a5 11. Ne3 Be4 12. Ne5 Bxg2 13. Kxg2 Nd5 14. Nxc6 Nxe3+ 15. fxe3 Qd5+ 16. Rf3 Qxc6 17. Rc1 Qd7 18. Qc2 c6 19. Ba3 Rfd8 20. Bc5 e6 21. Rcf1 f5 22. Bb6 Re8 23. e4 Ra6 24. exf5 exf5 25. Bc5 Qd5 26. Qd3 a4 27. Kf2 axb3 28. a3 Rea8 29. Rd1 b6 30. Bb4 b2 31. Qb3 Bxd4+ 32. Rxd4 b1Q 33. Qxb1 Qxd4+ 34. e3 Qd5 35. g4 fxg4 36. Rf6 R6a7 37. Kg1 Rd8 38. Qf1 Rf7 39. Bc3 Rxf6 40. Qxf6 Qd1+ 41. Kf2 Qf3+ 42. Qxf3 gxf3 43. Kxf3 Kf7 44. a4 Ra8 45. Bd4 c5 0-1

[Event "Eastern Asia-ch U12"]
[Site "Tornelo INT"]
[Date "2021.10.30"]
[Round "5"]
[White "Pham, Tran Gia Phuc"]
[Black "Huynh, Le Minh Hoang"]
[Result "1-0"]
[WhiteElo "1619"]
[BlackElo "1341"]
[PlyCount "93"]
[EventDate "2021.10.29"]
[EventType "swiss"]
[EventRounds "9"]
[EventCountry "NET"]
[SourceTitle "EXT 2023"]
[Source "ChessBase"]
[SourceDate "2022.10.05"]
[SourceVersion "1"]
[SourceVersionDate "2022.10.05"]
[SourceQuality "1"]

1. d4 Nf6 2. Nf3 g6 3. Bg5 Bg7 4. Nbd2 c5 5. c3 d6 6. dxc5 dxc5 7. e4 0-0 8. Bc4 Nc6 9. Qe2 Nd7 10. 0-0 Qc7 11. a4 b6 12. Bh4 Bb7 13. Rfd1 Rad8 14. Bd5 Nde5 15. Nxe5 Bxe5 16. Nf3 Bg7 17. Bg3 Qc8 18. Rac1 e6 19. Ba2 Rxd1+ 20. Rxd1 Rd8 21. Bb3 Bf6 22. Bd6 Na5 23. e5 Bg7 24. Bc2 Ba6 25. Bd3 Bxd3 26. Qxd3 Nb7 27. Qa6 Nxd6 28. Qxc8 Rxc8 29. Rxd6 Rc7 30. Rd8+ Bf8 31. Nd2 Kg7 32. Nc4 Be7 33. Rb8 Rd7 34. g3 Rd1+ 35. Kg2 Ra1 36. b3 Rc1 37. Rb7 Bd8 38. Rd7 Bg5 39. Nd6 Rxc3 40. Ne4 Rxb3 41. Nxg5 Ra3 42. Nxe6+ Kh6 43. Rxf7 Rxa4 44. f4 b5 45. g4 Ra2+ 46. Kh3 Ra3+ 47. Kh4 1-0

[Event "VIE-ch U11"]
[Site "Hanoi"]
[Date "2020.??.??"]
[Round "3"]
[White "Banh, Gia Huy"]
[Black "Huynh, Le Minh Hoang"]
[Result "1-0"]
[WhiteElo "1581"]
[BlackElo "1326"]
[PlyCount "107"]
[EventDate "2020.10.22"]
[EventType "swiss"]
[EventRounds "7"]
[EventCountry "VIE"]
[SourceTitle "EXT 2022"]
[Source "ChessBase"]
[SourceDate "2021.10.06"]
[SourceVersion "1"]
[SourceVersionDate "2021.10.06"]
[SourceQuality "1"]

1. e4 c5 2. Nf3 d6 3. d4 cxd4 4. Nxd4 Nf6 5. Nc3 a6 6. Qf3 e6 7. g4 Nfd7 8. Be3 Qc7 9. Qg3 b5 10. a3 Bb7 11. 0-0-0 Nc5 12. f3 Nbd7 13. h4 Nb6 14. Bxb5+ axb5 15. Ndxb5 Qc8 16. Nxd6+ Bxd6 17. Qxd6 Ra6 18. Qxc5 Nc4 19. Qxc8+ Bxc8 20. Bc5 Rc6 21. Bb4 f6 22. Nb5 Ba6 23. Nd4 Rb6 24. Rhe1 Kf7 25. Nb3 Ne5 26. Nd2 Rc8 27. Bc3 Rbc6 28. Kb1 Ng6 29. h5 Nf4 30. Nb3 Ne2 31. Bb4 Rxc2 32. Nc5 R2xc5 33. Bxc5 Rxc5 34. Rd6 Bc4 35. b3 Nc3+ 36. Kb2 Be2 37. Rc1 Nb5 38. Rd7+ Ke8 39. Rxg7 Rxc1 40. Kxc1 Bxf3 41. Rxh7 Bxe4 42. Rg7 Kf8 43. h6 Nd6 44. g5 fxg5 45. Rxg5 Nf7 46. Rg4 Bf5 47. Rh4 Kg8 48. a4 Nd6 49. a5 Be4 50. Rxe4 Nxe4 51. a6 Nc5 52. a7 Nxb3+ 53. Kb2 Nc5 54. a8Q+ 1-0

[Event "VIE-ch U11"]
[Site "Hanoi"]
[Date "2020.??.??"]
[Round "4"]
[White "Huynh, Le Minh Hoang"]
[Black "Pham, Nguyen Tuan Anh"]
[Result "1-0"]
[WhiteElo "1326"]
[BlackElo "2328"]
[PlyCount "69"]
[EventDate "2020.10.22"]
[EventType "swiss"]
[EventRounds "7"]
[EventCountry "VIE"]
[SourceTitle "EXT 2022"]
[Source "ChessBase"]
[SourceDate "2021.10.06"]
[SourceVersion "1"]
[SourceVersionDate "2021.10.06"]
[SourceQuality "1"]

1. d4 Nf6 2. c4 c5 3. d5 e6 4. Nc3 exd5 5. cxd5 d6 6. g3 g6 7. Bg2 Bg7 8. Nf3 0-0 9. 0-0 Re8 10. Bf4 a6 11. a4 Bf5 12. Qb3 Qc7 13. Nd2 Bf8 14. e4 Bc8 15. Nc4 Nbd7 16. h3 h6 17. Rae1 g5 18. Bd2 Bg7 19. f4 Nh7 20. e5 dxe5 21. d6 Qd8 22. Nd5 Rb8 23. Ne7+ Kh8 24. fxe5 b5 25. Rxf7 bxc4 26. Ng6+ Kg8 27. Qxc4 Nhf6 28. Rxd7+ Kh7 29. Rxd8 Rxd8 30. exf6 Bxf6 31. Qf7+ Bg7 32. Re7 Rg8 33. Bc3 Be6 34. Qxg7+ Rxg7 35. Rxg7# 1-0

[Event "VIE-ch U09"]
[Site "Hai Phong"]
[Date "2018.07.08"]
[Round "3"]
[White "Le, Pham Minh Duc"]
[Black "Huynh, Le Minh Hoang"]
[Result "1-0"]
[WhiteElo "1963"]
[BlackElo "1948"]
[PlyCount "109"]
[EventDate "2018.07.07"]
[EventType "swiss"]
[EventRounds "9"]
[EventCountry "VIE"]
[SourceTitle "EXT 2019"]
[Source "ChessBase"]
[SourceDate "2018.10.10"]
[SourceVersion "1"]
[SourceVersionDate "2018.10.10"]
[SourceQuality "1"]

1. d4 Nf6 2. c4 e6 3. Nc3 Bb4 4. Qc2 0-0 5. e3 c5 6. Nf3 d6 7. Bd3 Nc6 8. 0-0 e5 9. dxe5 dxe5 10. Ne4 h6 11. a3 Ba5 12. Nxc5 Bc7 13. b4 Bd6 14. Ne4 Nxe4 15. Bxe4 f5 16. Bd5+ Kh8 17. Bb2 e4 18. Nd4 Ne5 19. Ne2 Qh4 20. Nf4 Kh7 21. Rad1 g5 22. Bxe5 Bxe5 23. g3 Qg4 24. Ng2 Rb8 25. f3 exf3 26. Bxf3 Qh3 27. Rd5 Bg7 28. Rfd1 Be6 29. Rd6 Rfe8 30. Bd5 Bxd5 31. R6xd5 Re4 32. Rf1 Kg6 33. Rdxf5 Qxf5 34. Rxf5 Kxf5 35. g4+ Ke5 36. Qc3+ Kd6 37. Qd3+ Ke5 38. Qd5+ Kf6 39. Qf5+ Ke7 40. Qxe4+ Kf7 41. Qf5+ Ke7 42. Qc5+ Kf7 43. Qc7+ Kg6 44. Qxb8 Kh7 45. Qxb7 Kg6 46. c5 Be5 47. Qe4+ Kf6 48. Qf5+ Ke7 49. Qxe5+ Kd7 50. Qd6+ Ke8 51. c6 Kf7 52. c7 Kg7 53. c8Q Kh7 54. Qe7+ Kg6 55. Qf5# 1-0

[Event "VIE-ch U09"]
[Site "Hai Phong"]
[Date "2018.07.07"]
[Round "1"]
[White "Giap, Xuan Cuong"]
[Black "Huynh, Le Minh Hoang"]
[Result "0-1"]
[WhiteElo "1922"]
[BlackElo "1948"]
[PlyCount "38"]
[EventDate "2018.07.07"]
[EventType "swiss"]
[EventRounds "9"]
[EventCountry "VIE"]
[SourceTitle "EXT 2019"]
[Source "ChessBase"]
[SourceDate "2018.10.10"]
[SourceVersion "1"]
[SourceVersionDate "2018.10.10"]
[SourceQuality "1"]

1. e4 e6 2. d4 d5 3. Nd2 c5 4. c3 Nc6 5. Ne2 Qb6 6. Nf3 dxe4 7. Ne5 cxd4 8. cxd4 Nxe5 9. dxe5 Bc5 10. f4 Bf2+ 11. Kd2 Bd7 12. b3 Bb5 13. Kc2 Bd3+ 14. Kb2 Rc8 15. Nc3 Rxc3 16. Kxc3 Qd4+ 17. Kd2 Bb1+ 18. Ke2 Bd3+ 19. Kd2 e3# 0-1

[Event "VIE-chT"]
[Site "Ho Chi Minh City"]
[Date "2017.07.27"]
[Round "6.49"]
[White "Vo, Thien An"]
[Black "Huynh, Le Minh Hoang"]
[Result "1-0"]
[WhiteElo "2035"]
[BlackElo "2024"]
[PlyCount "83"]
[EventDate "2017.07.24"]
[EventType "team-swiss"]
[EventRounds "9"]
[EventCountry "VIE"]
[SourceTitle "EXT 2019"]
[Source "ChessBase"]
[SourceDate "2018.10.10"]
[SourceVersion "1"]
[SourceVersionDate "2018.10.10"]
[SourceQuality "1"]

1. d4 Nf6 2. c4 e6 3. Nc3 Bb4 4. e3 0-0 5. Nge2 c5 6. dxc5 Bxc5 7. g3 Nc6 8. Bg2 Ne7 9. Nf4 Bb4 10. Bd2 Ng6 11. Nd3 Ba5 12. b4 Bc7 13. Ne2 d5 14. c5 e5 15. Bc3 Re8 16. 0-0 Bg4 17. h3 Bxe2 18. Qxe2 d4 19. Bxb7 Rb8 20. c6 dxc3 21. Nc5 Qe7 22. Qc4 Rbd8 23. Qxc3 Nd5 24. Qc4 Bb6 25. Na6 Qg5 26. h4 Nxe3 27. hxg5 Nxc4 28. Rfc1 Nd2 29. c7 Bxc7 30. Rxc7 Nf3+ 31. Bxf3 e4 32. Bg2 Re6 33. Nc5 Re5 34. Nxe4 h6 35. gxh6 gxh6 36. Rxa7 Rd4 37. Rb1 Rexe4 38. Bxe4 Rxe4 39. b5 Re8 40. b6 Rb8 41. b7 Ne5 42. Ra8 1-0

[Event "VIE-ch"]
[Site "Bac Giang"]
[Date "2016.06.22"]
[Round "2"]
[White "Huynh, Le Minh Hoang"]
[Black "Vo, Pham Thien Phuc"]
[Result "0-1"]
[WhiteElo "1917"]
[BlackElo "1710"]
[PlyCount "60"]
[EventDate "2016.06.22"]
[EventType "swiss"]
[EventRounds "9"]
[EventCountry "VIE"]
[SourceTitle "EXT 2017"]
[Source "ChessBase"]
[SourceDate "2016.10.25"]
[SourceVersion "1"]
[SourceVersionDate "2016.10.25"]
[SourceQuality "1"]

1. e4 c5 2. Nf3 d6 3. d4 cxd4 4. Nxd4 Nf6 5. Nc3 g6 6. Bc4 Bg7 7. 0-0 0-0 8. Bg5 Nc6 9. Nxc6 bxc6 10. Qf3 Qc7 11. h3 Rb8 12. Bb3 a5 13. Rad1 Bb7 14. Rfe1 Rbd8 15. Qg3 Kh8 16. Bd2 Qb8 17. f4 c5 18. e5 Nh5 19. Qh2 Bh6 20. g4 Bf3 21. Rb1 c4 22. Bxc4 Qb4 23. Bb3 Bxf4 24. Bxf4 Nxf4 25. exd6 Qd4+ 26. Qf2 Nxh3+ 27. Kh2 Qxf2+ 28. Kxh3 Qg2+ 29. Kh4 Qh2+ 30. Kg5 f6# 0-1